|
|
|
cheetah | | 67.8% | through | | 67.2% | through | | 67.2% | fresh | | 66.4% | better | | 65.9% | grip, | | 65.9% | pot. | | 65.3% | lava. | | 65.3% | watching | | 65% | java. | | 64.8% | made | | 64.5% | veins, | | 64.2% | with | | 64% | black | | 64% | with | | 64% | blood | | 63.7% | fast, | | 63.4% | pumping | | 63.4% | or | | 63.4% | or | | 63.4% | thick | | 63.1% | absolute | | 62.9% | lanes, | | 62.9% | trip, | | 62.6% | weaving | | 62.6% | this | | 62.6% | plains, | | 62.3% | Grab | | 62.1% | mug, | | 62.1% | time | | 61.5% | fifty-five, | | 61.5% | 'cause | | 61.5% | can | | 61.5% | die. | | 61.2% | fire | | 61.2% | kick-ass | | 60.7% | hope | | 60.4% | handle | | 60.2% | it's | | 60.2% | Come | | 60.2% | certified | | 59.6% | yourself | | 59.6% | at | | 59.3% | grande. | | 59.3% | hit | | 59.1% | gas | | 59.1% | addiction | | 58.5% | hard | | 58% | bonafide | | 58% | overdrive, | | 58% | way. | | 58% | trainwreck, | | 57.7% | Fuelin' | | 57.7% | while | | 57.2% | when | | 57.2% | apart | | 56.9% | will; | | 56.9% | Sugar, | | 56.9% | say | | 56.6% | monster | | 56.4% | goodbye, | | 56.4% | breakneck, | | 56.4% | Joe; | | 56.4% | Call | | 55.6% | hyperdrive, | | 55.6% | write | | 55% | superfly, | | 54.7% | let's | | 54.7% | Sweet'N’Low. | | 54.2% | Otis Redding, | | 53.7% | espresso, | | 53.4% | morgue | | 52.8% | dose | | 52.3% | venti | | 52% | party | | 51.8% | hanging | | 51.5% | fix, | | 50.9% | Splenda, | | 50.7% | jumpin'. | | 50.4% | Everybody's | | 49.3% | happy | | 49.3% | cappuccino | | 49.1% | they’re | | 49.1% | heart-pumpin' | | 48.5% | Sure | | 48.5% | bolting | | 46.9% | speed-a-soundin', | | 42.8% | brain-thumpin', | | 42.5% | maybe | | 42.3% | presence | | 41.5% | genuflect, | | 41.5% | Equal, | | 40.9% | electrifyin', | | 39% | pulse-poundin', | | 37.1% | track-roundin', | | 31.4% |
|
Comments